000 00303nam a22001217a 4500
008 160613b xxu||||| |||| 00| 0 eng d
020 _a9780323039000
020 _a0323039006
041 _aeng
080 _a618.2
245 _aLeading and managing in nursing:
_cPatricia S. Yoder-Wise.
942 _2udc
_cBK
999 _c2449
_d2449